| 000 | 00985nam a2200313 a 4500 | ||
|---|---|---|---|
| 001 | |||
| 003 | DO-SdBNP | ||
| 005 | 20240314112927.0 | ||
| 007 | |||
| 008 | 090819s2009 mx a 000 0 spa d | ||
| 020 | _a9786071104090 | ||
| 040 |
_aBPMSU _bspa _cBPMSU |
||
| 082 | 4 |
_a813.5 _bH965g 2009 _222 |
|
| 100 | 1 | _aHurley, Tonya. | |
| 245 | 1 | 0 |
_aGhostgirl : _b el regreso / _cTonya Hurley ; traducción de Alicia Frieyro. |
| 260 |
_aMéxico : _bAlfaguara ; _bSantillana Ediciones Generales, _c2009 |
||
| 300 |
_a303 p. : _bils. ; _c24 cm. |
||
| 534 | _aTexto en español e inglés | ||
| 590 |
_aInventariado, 2024/VM _6 |
||
| 650 | 4 | _aNovela juvenil estadounidense. | |
| 650 | 4 |
_aLiteratura juvenil estadounidenses _v |
|
| 650 | 4 |
_aFantasmas _vNovela juvenil. |
|
| 650 | 4 |
_aVida futura _vNovela juvenil. |
|
| 650 | 4 |
_aAmistad _vNovela juvenil. |
|
| 651 | _2 | ||
| 700 | 1 |
_aFrieyro, Alicia, _etr. |
|
| 910 | _aVMateo V. Control de calidad. BPMSU | ||
| 942 |
_2ddc _cBK |
||
| 999 |
_c14595 _d14595 |
||